000
00197nam a2200085Ia 4500
008
230915s9999 xx 000 0 und d
050
_a
SB322 .K56
245
0
_a
KNOW AND GROW VEGETABLES
942
_c
BK
999
_c
201809
_d
201809